| Поле | Название | Значение |
| |
Тип записи |
a |
| |
Библиографический уровень |
m |
| 001 |
Контрольный номер |
ff22a3b256dd416981fd08a8ac59168d |
| 005 |
Дата корректировки |
20240216085612.5 |
| 040 |
Источник каталогиз. |
__ |
| a |
Служба первич. каталог. |
ДМН |
| b |
Код языка каталог. |
rus |
| e |
Правила каталог. |
PSBO |
| 041 |
Код языка издания |
0_ |
| a |
Код языка текста |
rus |
| 084 |
Индекс другой классификации/Индекс ББК |
__ |
| a |
Индекс другой классификации/Индекс ББК |
87.752я73 |
| 090 |
Шифры |
__ |
| c |
Каталожный индекс |
87.752я73 |
| 245 |
Заглавие |
10 |
| a |
Заглавие |
Этика научного исследования |
| h |
Физич. носитель |
Электронный ресурс |
| b |
Продолж. заглавия |
учебник для аспирантов |
| c |
Ответственность |
Министерство сельского хозяйства РФ ФГБОУ ВПО "Государственный аграрный университет Северного Зауралья", Институт биотехнологии и ветеринарной медицины, кафедра иностранных языков ; автор-составитель А. В. Григоровская |
| 260 |
Выходные данные |
__ |
| a |
Место издания |
Тюмень |
| b |
Издательство |
ГАУ СЗ |
| c |
Дата издания |
2015 |
| 300 |
Физическое описание |
__ |
| a |
Объем |
112 с. |
| b |
Иллюстрации/ тип воспроизводства |
табл. |
| 336 |
Вид содержания |
__ |
| a |
Термин вида содержания |
Текст |
| 337 |
Средство доступа |
__ |
| a |
Термин типа средства |
электронный |
| 504 |
Библиография |
__ |
| a |
Библиография |
Библиогр.: в конце гл. |
| 650 |
Тематические рубрики |
14 |
| a |
Основная рубрика |
СОЦИАЛЬНЫЕ (ОБЩЕСТВЕННЫЕ) И ГУМАНИТАРНЫЕ НАУКИ |
| x |
Основная подрубрика |
ЭТИКА |
| 653 |
Ключевые слова |
1_ |
| a |
Ключевые слова |
ЭТИКА; ЭТИКА НАУКИ; ИСТОРИЯ ЭТИКИ НАУКИ; ЦИТИРОВАНИЕ; СОАВТОРСТВО; ЛИНГВИСТИЧЕСКАЯ ЭТИКА; ЭТИКА УЧЕНОГО; НАУЧНЫЕ ИССЛЕДОВАНИЯ; ДИССЕРТАЦИИ; МОРАЛЬНЫЙ КОДЕКС УЧЕНОГО; КОММУНИКАТИВНАЯ КУЛЬТУРА; ДИСКУССИЯ |
| 856 |
Электронный адрес документа |
40 |
| x |
Служебное примечание |
Режим доступа: для авторизир. пользователей |
| y |
Справочный текст |
Этика научного исследования |
| u |
URL |
http://mp.na-mvd.ru:8090/MegaPro2/Download/MObject/4858 |
| 900 |
Электронные ресурсы |
__ |
| a |
Имя электронного ресурса |
этика научного исследования учебник для аспирантов |
| 905 |
Дата создания записи |
__ |
| a |
Дата создания записи |
20231120 |
| 952 |
Тип литературы |
__ |
| c |
Вид литературы |
учебная |
| c |
Вид литературы |
учебник |
| e |
Кафедра |
КАФЕДРА ФИЛОСОФИИ |
| i |
Дисциплина |
ЭТИКА НАУЧНОГО ИССЛЕДОВАНИЯ |